00485cam a22001337a 4500008004000000082001300040245009400053260004700147300001000194650002600204700001800230999001900248952008400267180718b1958 xxu||||| |||| 00| 0 eng d aD25 D714 aInternational trade arbitration: a road to world-wide cooperationcedited by Martin Domke aNew YorkbAmerican Arbitration Assn.c1958 a311p. aArbitration and award aDomke, Martin c364191d364191 00104070aIIPAbIIPAd1994-04-07oD25 D714p16354r2018-07-21w2018-07-21yBK